| 000 | 01231nam a2200397 i 4500 | ||
|---|---|---|---|
| 001 | 7470 | ||
| 003 | KOSZ 005 | ||
| 005 | 20230124130223.0 | ||
| 008 | 070804s1972 pl a f |000 0 pol | ||
| 015 | _aPB 1972/2012 | ||
| 035 | _a(OCoLC)839117861 | ||
| 040 |
_aWA N _cWA N _dKOSZ 005/HR |
||
| 046 | _k1972 | ||
| 080 | _a62:66/69 | ||
| 080 | _a534-8 | ||
| 080 | _a331.45 | ||
| 100 | 1 |
_aMączewski-Rowiński, Bohdan _eAutor |
|
| 245 | 1 | 0 |
_aUltradźwięki w przemyśle / _cBohdan Mączewski-Rowiński. |
| 260 |
_aWarszawa : _bInstytut Wydawniczy CRZZ, _c1972. |
||
| 300 |
_a125, [3] s. : _bil., err. ; _c23 cm. |
||
| 336 |
_2rdacontent _aTekst _btxt |
||
| 337 |
_2rdamedia _aBez urządzenia pośredniczącego _bn |
||
| 338 |
_2rdacarrier _aWolumin _bnc |
||
| 380 | _aKsiążki | ||
| 388 | _a1901-2000 | ||
| 388 | _a1945-1989 | ||
| 490 | 1 | _aBezpieczeństwo i Higiena Pracy. | |
| 504 | _aBibliogr. | ||
| 650 | 4 | _aBHP | |
| 650 | 4 | _aPrzemysł | |
| 650 | 4 | _aUltradźwięki | |
| 658 | _aInżynieria i technika | ||
| 830 | 0 | _aBezpieczeństwo i Higiena Pracy | |
| 856 |
_uhttp://koha.tu.koszalin.pl/cgi-bin/koha/opac-detail.pl?biblionumber=7470 _yKatalog online BPK |
||
| 942 |
_2UKD _cKS |
||
| 999 |
_c7470 _d7470 |
||